| 000 | 00376nam a2200157Ia 4500 | ||
|---|---|---|---|
| 008 | 230917s9999||||xx |||||||||||||| ||und|| | ||
| 020 | _cSFR68 | ||
| 040 |
_e11874 _aMAIN |
||
| 041 | _aEnglish | ||
| 082 | _a519.2 C472I | ||
| 100 | _aChung, K L | ||
| 245 | 0 | _aIntroduction to stochastic integration | |
| 250 | _a2nd ed. | ||
| 260 |
_aBoston _bBirkhauser _c1990 |
||
| 942 | _cBK | ||
| 999 |
_c76791 _d76791 |
||